| 000 | 00435nam a2200157 a 4500 | ||
|---|---|---|---|
| 001 | 1345 | ||
| 003 | CDMR | ||
| 005 | 20130320095610.0 | ||
| 008 | 130130s1992||||||||||||||||||||||||||||d | ||
| 040 |
_aCDMR _bcat _cCPC LLEIDA |
||
| 100 | 1 |
_aCampillo, Xavier _91043 |
|
| 245 | 1 | 0 |
_aGeografia i literatura a l'Alt Pirineu catalĂ _cXavier Campillo |
| 260 |
_aLleida _c1992 _bUniversitat de Lleida |
||
| 490 | 0 |
_aEspai/Temps _v10 |
|
| 942 |
_cMON _2udc |
||
| 999 |
_c1345 _d1345 |
||